000 00207nam a22000857a 4500
008 161108b xxu||||| |||| 00| 0 eng d
100 _91072
_aMaheswari M. C
245 _aHeadache
260 _aNew Delhi
_bN B T
_c2001
999 _c3727
_d3727